[Event "Sygnity Extraliga 2013"]
[Site "Katowice"]
[Date "2013.09.16"]
[Round "9"]
[White "Gajewski, Grzegorz"]
[Black "Sieciechowicz, Marcin"]
[Result "1-0"]
[WhiteElo "2646"]
[BlackElo "2458"]
[PlyCount "105"]
[EventDate "2013.09.??"]
[EventType "team-swiss"]
[EventRounds "9"]
[EventCountry "POL"]
[SourceDate "2005.09.12"]

1. c4 Nf6 2. Nc3 d5 3. cxd5 Nxd5 4. g3 g6 5. Bg2 Nb6 6. d3 Bg7 7. Bd2 Nc6 8.
Bxc6+ bxc6 9. Qc1 h5 10. Nf3 Bg4 11. Nh4 Rb8 12. Ne4 Qd5 13. Bc3 Bh6 14. Qc2
Rg8 15. f3 Bc8 16. Ng2 f5 17. Nd2 g5 18. e4 Qd6 19. Ne3 f4 20. Nec4 Qe6 21.
gxf4 gxf4 22. O-O-O Rg2 23. Rdg1 Nxc4 24. dxc4 Qg6 25. Bd4 e5 26. Bf2 Kf7 27.
Qc3 Rxg1+ 28. Rxg1 Qd6 29. Nb3 Bg7 30. Rd1 Qb4 31. Qxb4 Rxb4 32. Na5 Ra4 33.
Be1 Be6 34. Kb1 Bxc4 35. Rd7+ Kg8 36. Nxc4 Rxc4 37. Bc3 Ra4 38. Rxc7 Ra6 39.
Bb4 h4 40. Bc5 h3 41. Rxa7 Rxa7 42. Bxa7 Kf7 43. Kc2 Bf6 44. Bf2 Ke6 45. Kd3
Kd7 46. Kc4 Kc7 47. b4 Be7 48. a4 Kb7 49. Be1 Bf8 50. b5 Ba3 51. Bc3 Bd6 52. a5
Bb8 53. Kc5 1-0

[Event "Sygnity Extraliga 2013"]
[Site "Katowice"]
[Date "2013.09.16"]
[Round "9"]
[White "Pieniazek, Artur"]
[Black "Socko, Bartosz"]
[Result "0-1"]
[WhiteElo "2349"]
[BlackElo "2645"]
[PlyCount "86"]
[EventDate "2013.09.??"]
[EventType "team-swiss"]
[EventRounds "9"]
[EventCountry "POL"]
[SourceDate "2005.09.12"]

1. d4 Nf6 2. c4 e6 3. Nf3 d5 4. Nc3 Bb4 5. cxd5 exd5 6. Bg5 h6 7. Bh4 c5 8.
Bxf6 Qxf6 9. e3 O-O 10. Be2 Nc6 11. O-O Be6 12. Nb5 c4 13. Nc7 Rac8 14. Nxe6
fxe6 15. Qc2 Bd6 16. Rad1 b5 17. g3 b4 18. Nh4 Ne7 19. e4 Bc7 20. e5 Qf7 21. f4
Bb6 22. Bg4 Nc6 23. Nf3 a5 24. Kg2 Rce8 25. Qa4 Ne7 26. Nh4 Ng6 27. Nf3 Ne7 28.
Nh4 Ng6 29. Nf3 Nxf4+ 30. gxf4 Qg6 31. Kg3 h5 32. h3 Bd8 33. Qd7 hxg4 34. hxg4
Re7 35. Qc6 Ref7 36. Nh2 Qh6 37. g5 Bxg5 38. fxg5 Qxg5+ 39. Kh3 Qe3+ 40. Kh4
g5+ 41. Kg4 Rf4+ 42. Rxf4 Rxf4+ 43. Kh5 Qh3+ 0-1

[Event "Sygnity Extraliga 2013"]
[Site "Katowice"]
[Date "2013.09.16"]
[Round "9"]
[White "Szczepkowska-horowska, Karina"]
[Black "Socko, Monika"]
[Result "1/2-1/2"]
[WhiteElo "2376"]
[BlackElo "2444"]
[PlyCount "69"]
[EventDate "2013.09.??"]
[EventType "team-swiss"]
[EventRounds "9"]
[EventCountry "POL"]
[SourceDate "2005.09.12"]

1. e4 c5 2. Nf3 e6 3. d4 cxd4 4. Nxd4 a6 5. Bd3 Nf6 6. O-O Qc7 7. Nc3 Nc6 8.
Nxc6 dxc6 9. a4 e5 10. h3 Be6 11. Qe2 Bc5 12. Bc4 Qe7 13. a5 Bb4 14. Bxe6 Qxe6
15. Na4 O-O 16. c3 Be7 17. Bg5 Rad8 18. Rfd1 h6 19. Bxf6 Qxf6 20. Qe3 Qe6 21.
Nc5 Bxc5 22. Qxc5 Qb3 23. Rxd8 Rxd8 24. Qxe5 Qxb2 25. Re1 Qb3 26. Qc7 Rd3 27.
c4 Qxc4 28. Qxb7 Qb5 29. Qc7 Rd2 30. e5 Qc5 31. Qc8+ Kh7 32. Qf5+ Kg8 33. Qc8+
Kh7 34. Qf5+ Kg8 35. Qc8+ 1/2-1/2

[Event "Match: PUR vs DOM"]
[Site "Museo del Deporte de Puerto R"]
[Date "2013.09.27"]
[Round "1.1"]
[White "Machin Rivera, Mark"]
[Black "Dominguez, Jose M"]
[Result "0-1"]
[WhiteElo "2354"]
[BlackElo "2298"]
[PlyCount "152"]
[EventDate "2013.09.27"]
[EventRounds "2"]
[EventCountry "PUR"]
[SourceDate "2005.09.12"]
[WhiteTeam "Puerto Rico"]
[WhiteTeamCountry "PUR"]
[TimeControl "6000+1955"]
[WhiteClock "0:00:55"]
[BlackClock "0:03:34"]

1. c4 Nf6 2. g3 e5 3. Bg2 Be7 4. Nc3 O-O 5. Nf3 d6 6. O-O Re8 7. d4 Nbd7 8. b3
Bf8 9. Qc2 c6 10. e4 a6 11. Be3 b5 12. d5 Bb7 13. Qd3 b4 14. Na4 cxd5 15. cxd5
a5 16. Nd2 Ng4 17. Nc4 Nxe3 18. Qxe3 Ba6 19. Rfc1 Be7 20. h4 Bb5 21. Nab6 Nxb6
22. Nxb6 Rb8 23. Nc4 a4 24. bxa4 Bxa4 25. Rab1 g5 26. h5 g4 27. Qe2 Bg5 28. Ne3
Kh8 29. Rb2 Rg8 30. Rcb1 b3 31. axb3 Bb5 32. Qe1 Bxe3 33. Qxe3 Qg5 34. Qxg5
Rxg5 35. Rc1 Rxh5 36. Ra2 Rg5 37. Ra7 Be8 38. Bf1 Rg8 39. Rc3 Rf8 40. Ra6 f5
41. exf5 Rxf5 42. Rxd6 Bg6 43. Bd3 Rf3 44. Bxg6 Rxc3 45. Bh5 Rcxb3 46. Re6 Rb1+
47. Kg2 Rd8 48. Rxe5 Rd1 49. Bf7 Kg7 50. Be6 Kf6 51. Rf5+ Kg6 52. Rf4 h5 53.
Bf7+ Kg5 54. f3 Rd2+ 55. Kg1 Rb8 56. fxg4 Rb1+ 57. Rf1 Rbb2 58. Re1 Kxg4 59.
Rc1 Rg2+ 60. Kh1 Rh2+ 61. Kg1 Rhg2+ 62. Kh1 Rgf2 63. Be6+ Kxg3 64. Rc3+ Kf4 65.
Kg1 Rfd2 66. Rc4+ Ke5 67. Rc1 Rd3 68. Rf1 Rg3+ 69. Kh1 h4 70. Re1+ Kd6 71. Rc1
h3 72. Rg1 Rxg1+ 73. Kxg1 h2+ 74. Kh1 Ke5 75. d6 Kxe6 76. d7 Rb1+ 0-1

[Event "Match: PUR vs DOM"]
[Site "Museo del Deporte de Puerto R"]
[Date "2013.09.27"]
[Round "1.2"]
[White "Pinal, Nelson B"]
[Black "Almedina Ortiz, Edgardo J"]
[Result "1-0"]
[WhiteElo "2317"]
[BlackElo "2266"]
[PlyCount "55"]
[EventDate "2013.09.27"]
[EventRounds "2"]
[EventCountry "PUR"]
[SourceDate "2005.09.12"]
[BlackTeam "Puerto Rico"]
[BlackTeamCountry "PUR"]
[TimeControl "6000+1515"]
[WhiteClock "0:16:04"]
[BlackClock "0:01:06"]

1. e4 e5 2. Nf3 Nc6 3. Bc4 Bc5 4. c3 Nf6 5. d3 d6 6. O-O O-O 7. Bg5 a6 8. Nbd2
Ba7 9. Bb3 Be6 10. Nc4 b5 11. Ne3 Na5 12. Bc2 h6 13. Bh4 c5 14. Qe2 Nc6 15. Bb3
Nb8 16. Bxf6 Qxf6 17. Bd5 Bxd5 18. Nxd5 Qd8 19. a4 Nc6 20. axb5 axb5 21. Ra6
Rc8 22. Rfa1 Bb8 23. Nd2 b4 24. Nc4 bxc3 25. bxc3 f5 26. Ncb6 Rc7 27. Nxc7 Bxc7
28. Nd5 1-0

[Event "Match: PUR vs DOM"]
[Site "Museo del Deporte de Puerto R"]
[Date "2013.09.27"]
[Round "1.3"]
[White "Montalvo Rosario, Alejandro"]
[Black "Subervi, Jonathan"]
[Result "1-0"]
[WhiteElo "2285"]
[BlackElo "2207"]
[PlyCount "57"]
[EventDate "2013.09.27"]
[EventRounds "2"]
[EventCountry "PUR"]
[SourceDate "2005.09.12"]
[WhiteTeam "Puerto Rico"]
[WhiteTeamCountry "PUR"]
[TimeControl "6000+1410"]
[WhiteClock "0:28:36"]
[BlackClock "0:05:10"]

1. d4 Nf6 2. Bg5 e6 3. e4 h6 4. Bxf6 Qxf6 5. c3 d6 6. Bd3 e5 7. Ne2 g6 8. O-O
Bg7 9. f4 exd4 10. Nxd4 O-O 11. Nd2 Nd7 12. Nc4 Nc5 13. Bc2 Bd7 14. f5 Qe7 15.
Qf3 Bxd4+ 16. cxd4 Bb5 17. Ne3 Bxf1 18. Rxf1 Nxe4 19. Nd5 Qh4 20. Bxe4 c6 21.
g3 Qg5 22. h4 Qd8 23. Nf4 Qf6 24. fxg6 fxg6 25. Bxg6 Qxd4+ 26. Rf2 Rf6 27. Qb3+
d5 28. Qxb7 Raf8 29. Qh7# 1-0

[Event "Match: PUR vs DOM"]
[Site "Museo del Deporte de Puerto R"]
[Date "2013.09.27"]
[Round "1.4"]
[White "Castillo, Josue Natanael"]
[Black "Berrios Echevarria, Gabriel"]
[Result "0-1"]
[WhiteElo "2124"]
[BlackElo "2222"]
[PlyCount "82"]
[EventDate "2013.09.27"]
[EventRounds "2"]
[EventCountry "PUR"]
[SourceDate "2005.09.12"]
[BlackTeam "Puerto Rico"]
[BlackTeamCountry "PUR"]

1. d4 Nf6 2. Nf3 g6 3. g3 Bg7 4. Bg2 O-O 5. O-O d6 6. c4 Nc6 7. Nc3 a6 8. e4
Bg4 9. Be3 Nd7 10. Qd2 Bxf3 11. Bxf3 e5 12. dxe5 dxe5 13. Bg2 Nb6 14. Qe2 Nd4
15. Bxd4 exd4 16. Rad1 Nd7 17. Nd5 c6 18. Nf4 b5 19. b4 Ne5 20. cxb5 axb5 21.
Nd3 Nc4 22. e5 Qc7 23. Rfe1 Rfe8 24. f4 Ra3 25. Nc5 Rd8 26. Qe4 Ne3 27. Rd2
Nxg2 28. Kxg2 Bf8 29. Rxd4 Rxa2+ 30. Kg1 Bxc5 31. bxc5 Rxd4 32. Qxd4 Qc8 33. e6
fxe6 34. Qf6 Qd7 35. h4 Qd5 36. Qxe6+ Qxe6 37. Rxe6 b4 38. Re8+ Kf7 39. Rb8 Rb2
40. Rb6 b3 41. Rxc6 Rc2 0-1

[Event "Match: PUR vs DOM"]
[Site "Museo del Deporte de Puerto R"]
[Date "2013.09.27"]
[Round "1.5"]
[White "Montanez Nazario, Roberto"]
[Black "Ramirez Reyes, Braulio"]
[Result "1/2-1/2"]
[WhiteElo "2121"]
[BlackElo "2116"]
[PlyCount "43"]
[EventDate "2013.09.27"]
[EventRounds "2"]
[EventCountry "PUR"]
[SourceDate "2005.09.12"]
[WhiteTeam "Puerto Rico"]
[WhiteTeamCountry "PUR"]

1. e4 d5 2. exd5 Qxd5 3. Nc3 Qd6 4. d4 c6 5. Bc4 Nf6 6. Nge2 Bf5 7. Bf4 Qb4 8.
Bb3 e6 9. O-O Be7 10. h3 O-O 11. Qd2 Nbd7 12. Rad1 Qb6 13. Qe3 Qd8 14. Bh2 Nb6
15. g4 Bg6 16. f4 h6 17. f5 exf5 18. gxf5 Bh5 19. Rd3 Bxe2 20. Qxe2 Re8 21. Be5
c5 22. Rg3 1/2-1/2

[Event "Match: PUR vs DOM"]
[Site "Museo del Deporte de Puerto R"]
[Date "2013.09.28"]
[Round "2.1"]
[White "Dominguez, Jose M"]
[Black "Machin Rivera, Mark"]
[Result "0-1"]
[WhiteElo "2298"]
[BlackElo "2354"]
[PlyCount "74"]
[EventDate "2013.09.27"]
[EventRounds "2"]
[EventCountry "PUR"]
[SourceDate "2005.09.12"]
[BlackTeam "Puerto Rico"]
[BlackTeamCountry "PUR"]
[TimeControl "6000+1295"]
[WhiteClock "0:00:48"]
[BlackClock "0:03:46"]

1. e4 g6 2. d4 Bg7 3. Nf3 d6 4. Be2 Nf6 5. Nc3 O-O 6. O-O c6 7. a4 Qc7 8. h3 e5
9. Bg5 h6 10. Be3 exd4 11. Nxd4 Re8 12. Bf3 Nbd7 13. Qd2 Kh7 14. Ndb5 cxb5 15.
Nxb5 Qd8 16. Nxd6 Rf8 17. Rad1 Qe7 18. a5 Ne5 19. Be2 Nc6 20. f3 Rd8 21. c4 Ne8
22. c5 Be5 23. f4 Bxd6 24. cxd6 Nxd6 25. Qc1 Nxe4 26. Bf3 f5 27. a6 Be6 28.
Bxe4 fxe4 29. f5 gxf5 30. Bxh6 Rg8 31. axb7 Qxb7 32. Rd6 Rac8 33. Rxe6 Nd4 34.
Bf8 Rxg2+ 35. Kxg2 e3+ 36. Kg3 Rxc1 37. Rxc1 Nxe6 0-1

[Event "Match: PUR vs DOM"]
[Site "Museo del Deporte de Puerto R"]
[Date "2013.09.28"]
[Round "2.2"]
[White "Almedina Ortiz, Edgardo J"]
[Black "Pinal, Nelson B"]
[Result "1-0"]
[WhiteElo "2266"]
[BlackElo "2317"]
[PlyCount "91"]
[EventDate "2013.09.27"]
[EventRounds "2"]
[EventCountry "PUR"]
[SourceDate "2005.09.12"]
[WhiteTeam "Puerto Rico"]
[WhiteTeamCountry "PUR"]
[TimeControl "6000+1215"]
[WhiteClock "0:05:31"]
[BlackClock "0:09:09"]

1. e4 c5 2. Nf3 d6 3. d4 cxd4 4. Nxd4 Nf6 5. Nc3 a6 6. Be3 Ng4 7. Bg5 h6 8. Bh4
g5 9. Bg3 Nc6 10. Nxc6 bxc6 11. Be2 Ne5 12. Bxe5 dxe5 13. Qxd8+ Kxd8 14. O-O-O+
Kc7 15. Bc4 e6 16. h4 gxh4 17. Rxh4 Rg8 18. Bf1 Rg6 19. Na4 Bb7 20. Rh3 Rd8 21.
Rxd8 Kxd8 22. Rf3 f6 23. Rc3 Rg4 24. f3 Rh4 25. Kd1 Rh1 26. Ke2 Kc7 27. Nc5
Bxc5 28. Rxc5 Rh5 29. Kf2 Rg5 30. b4 Rg8 31. Ke3 Rd8 32. Bd3 Rg8 33. g4 Rh8 34.
Ra5 Kb6 35. c4 Rd8 36. c5+ Ka7 37. a4 Rd4 38. b5 Rb4 39. bxc6 Bxc6 40. Rxa6+
Kb7 41. Bb5 Rb3+ 42. Kf2 Bxb5 43. Rb6+ Kc7 44. axb5 Rc3 45. Rxe6 Rxc5 46. Rxf6
1-0

[Event "Match: PUR vs DOM"]
[Site "Museo del Deporte de Puerto R"]
[Date "2013.09.28"]
[Round "2.3"]
[White "Subervi, Jonathan"]
[Black "Montalvo Rosario, Alejandro"]
[Result "1-0"]
[WhiteElo "2207"]
[BlackElo "2285"]
[PlyCount "82"]
[EventDate "2013.09.27"]
[EventRounds "2"]
[EventCountry "PUR"]
[SourceDate "2005.09.12"]
[BlackTeam "Puerto Rico"]
[BlackTeamCountry "PUR"]
[TimeControl "6000+1820"]
[WhiteClock "0:02:30"]

1. c4 d6 2. Nc3 e5 3. g3 f5 4. Bg2 Nf6 5. e3 Be7 6. Nge2 O-O 7. O-O a5 8. Rb1
c6 9. d4 Qe8 10. b3 Na6 11. a3 Qf7 12. Na4 Nd7 13. Bd2 Nc7 14. Qe1 Qh5 15. f3
b6 16. h3 Rb8 17. Rc1 Ne6 18. f4 Bb7 19. b4 axb4 20. axb4 g5 21. d5 Nd8 22.
Nac3 c5 23. b5 Kh8 24. e4 gxf4 25. exf5 Qxf5 26. Nxf4 Qg5 27. Ne4 Qg8 28. Nh5
Qg6 29. Rxf8+ Nxf8 30. g4 Nf7 31. Qe3 h6 32. Bc3 Ng5 33. Rf1 Nfh7 34. Nhg3 Bc8
35. Nxd6 Bxd6 36. Bxe5+ Kg8 37. Bxd6 Qxd6 38. Qe8+ Nf8 39. Nh5 Bf5 40. Qe3 Bg6
41. Nf6+ Kh8 1-0

[Event "Match: PUR vs DOM"]
[Site "Museo del Deporte de Puerto R"]
[Date "2013.09.28"]
[Round "2.4"]
[White "Berrios Echevarria, Gabriel"]
[Black "Castillo, Josue Natanael"]
[Result "1/2-1/2"]
[WhiteElo "2222"]
[BlackElo "2124"]
[PlyCount "80"]
[EventDate "2013.09.27"]
[EventRounds "2"]
[EventCountry "PUR"]
[SourceDate "2005.09.12"]
[WhiteTeam "Puerto Rico"]
[WhiteTeamCountry "PUR"]

1. c4 Nf6 2. g3 g6 3. Bg2 Bg7 4. Nc3 c6 5. Nf3 d5 6. cxd5 cxd5 7. d4 Nc6 8. O-O
O-O 9. b3 Ne4 10. Bb2 Bf5 11. Nxe4 Bxe4 12. a3 Qb6 13. Ne5 Bxg2 14. Kxg2 Rfd8
15. e3 Bxe5 16. dxe5 d4 17. Bxd4 Nxd4 18. exd4 Rxd4 19. Qf3 Rad8 20. Rad1 Qb5
21. Rxd4 Rxd4 22. Re1 Rd3 23. Re3 Rd5 24. e6 f6 25. a4 Qc6 26. h3 Kg7 27. Rc3
Qd6 28. Rc7 Qxc7 29. Qxd5 Qc6 30. Qxc6 bxc6 31. g4 f5 32. g5 Kf8 33. Kf3 Ke8
34. Ke3 Kd8 35. Kd4 Kc7 36. Kc5 a6 37. b4 Kb7 38. f4 Kc7 39. a5 Kb7 40. Kd4 Kb8
1/2-1/2

[Event "Match: PUR vs DOM"]
[Site "Museo del Deporte de Puerto R"]
[Date "2013.09.28"]
[Round "2.5"]
[White "Ramirez Reyes, Braulio"]
[Black "Montanez Nazario, Roberto"]
[Result "1-0"]
[WhiteElo "2116"]
[BlackElo "2121"]
[PlyCount "113"]
[EventDate "2013.09.27"]
[EventRounds "2"]
[EventCountry "PUR"]
[SourceDate "2005.09.12"]
[BlackTeam "Puerto Rico"]
[BlackTeamCountry "PUR"]

1. d4 Nf6 2. f4 g6 3. Nf3 Bg7 4. c4 O-O 5. Nc3 d5 6. e3 c5 7. dxc5 Qa5 8. Qa4
Qxc5 9. Qb5 Qc7 10. cxd5 Ng4 11. Qc4 Qb6 12. Na4 Qd8 13. h3 Nf6 14. Nc3 Nbd7
15. e4 Nb6 16. Qd3 Nh5 17. Kf2 Qc7 18. Nb5 Qc5+ 19. Be3 Qb4 20. g4 Nf6 21. Bd4
Bd7 22. Nc3 Qxb2+ 23. Be2 Rfc8 24. e5 Ne8 25. a4 Qb3 26. Nd2 Rxc3 27. Bxc3 Qxd5
28. Bd4 Bc6 29. Bf3 Qd7 30. Bxc6 Qxc6 31. Bxb6 Qxb6+ 32. Qe3 Qe6 33. Qb3 Qd7
34. Rhd1 b6 35. Nf3 Qc8 36. Rac1 Qb8 37. Qc4 a6 38. Qc6 b5 39. a5 Bh6 40. g5
Bf8 41. Rd7 Ng7 42. Nd4 Ra7 43. Rxa7 Qxa7 44. Qb6 Qd7 45. Rc7 Qxh3 46. Qxa6
Qh2+ 47. Ke3 Qg3+ 48. Ke4 Nh5 49. Kd5 Nxf4+ 50. Kc6 Qd3 51. Nxb5 Nd5 52. Kb7
Nxc7 53. Nxc7 Qe4+ 54. Qc6 Qb4+ 55. Qb5 Qe4+ 56. Kb8 Qd4 57. a6 1-0